| 000 | 00000nam##2200000za#4500 |
| 001 | 9.638314 |
| 003 | CaOODSP |
| 005 | 20220901164755 |
| 007 | cr ||||||||||| |
| 008 | 150407|2004||||xxc|||||o f|0| 0 fre|d |
| 040 | |aCaOODSP|bfre |
| 043 | |an-cn--- |
| 086 | 1 |aJ4-6/2004F-PDF |
| 110 | 1 |aCanada.|bJustice Canada. |
| 245 | 13|aLa détention avant le procès sous le régime de la Loi sur les jeunes contrevenants : |h[ressource électronique]|bune étude des tribunaux en milieu urbain / |c[par] Sharon Moyer et Maryanna Basic. |
| 246 | 17|aSérie de recherche sur la justice pour les jeunes/Ministère de la Justice Canada |
| 260 | |aOttawa - Ontario : |bJustice Canada |cMars 2004. |
| 300 | |a123p.|bréférences, tableaux |
| 590 | |a11-02-Supp|b2011-01-27 |
| 691 | 07|aJeune contrevenant|2gcpds |
| 691 | 07|aTribunal de la jeunesse|2gcpds |
| 720 | 1 |aMoyer, Sharon |
| 720 | 1 |aBasic, Maryanna |
| 775 | 08|tPre-trial detention under the Young Offenders Act : |w(CaOODSP)9.694134 |
| 856 | 40|ahttp://publications.gc.ca|qPDF|s4 Mo|uhttps://publications.gc.ca/collections/collection_2010/justice/J4-6-2004-fra.pdf |
| 986 | |aRR04YJ-1f |